Представление документа в формате RUSMARC

ПолеНазваниеЗначение
  Тип записи a
  Библиографический уровень m
001 Контрольный номер RU/SLIB/B/208717725
005 Дата корректировки 20201206203934.4
010 Индекс ISBN __
d Цена 2-32
101 Язык документа __
a Язык текста rus
200 Заглавие и сведения об ответственности 0_
a Заглавие Философские и социально-гигиенические аспекты учения о здоровье и болезни
f Первые сведения об ответственности под ред. Г. И. Царегородцева
b Общее обозначение материала Текст
210 Выходные данные __
a Место издания М.
c Издательство Медицина
d Дата издания 1975
215 Физическое описание __
a Объем 352 с.
606 Тематические рубрики __
a Основная рубрика Здравоохранение. Медицинские науки
606 Тематические рубрики __
a Основная рубрика Социальная гигиена и организация здравоохранения в целом в России и СССР
610 Ключевые слова __
a Ключевые слова психика человека; здоровье человека; здоровье населения; социальная гигиена; психопатические проблемы; деонтология
686 Индексы других классификаций __
a Классификационный индекс 51.1(2)
702 Вторичная интеллектуальная ответственность _1
a Фамилия Царегородцева
b Имя Г. И.
4 Код отношения Редактор
4 Код отношения 340
801 Источник записи _0
a Страна RU
b Организация Муниципальное бюджетное учреждение культуры "Централизованная библиотечная система" г. Сургут (Центральная городская библиотека им. А. С. Пушкина)
g Правила каталогизации К/Кундохова
801 Источник записи _1
a Страна RU
b Организация Муниципальное бюджетное учреждение культуры "Централизованная библиотечная система" г. Сургут (Центральная городская библиотека им. А. С. Пушкина)
g Правила каталогизации К/Кундохова
852 Данные о местонахождении __
j Шифр хранения 51.1(2)
c Каталожный индекс 51.1
i Авторский знак Ф 56
p Инвентарный номер 41871(с)
901 Тип документа __
t Тип документа m
903 Характеристики (МАРС) __
a Дата передачи 20080626
990 Данные о заказе (DOS) __
j Количество экземпляров (DOS) 1